00907nam a2200217 a 450000100100000000500170001000800410002702000150006804000250008310000260010824500770013426000710021130000210028249000480030350400300035150400720038171000600045383000530051395201060056699900170067200004107720201002034611.0130917s1998 sp 000 0 spa d a8400077318 aDO-SdBNPbspacBNPHU1 aJurado, José91536310aproblemas paleográficos :bproblemas paleográficos /cJosé Jurado. aMadrid :bConsejo Superior de Invesigaciones Científicas,c1998. a322 p. ;c25 cm.1 aBiblioteca de Filología Hispánica ;v19 aBibliografía : p. 13-22 aIncluye referencia bibliográficos y notas al pie de las páginas2 aConsejo Superior de Invesigaciones Científicas967474 0aBiblioteca de Filología Hispánican19967582 0010507-18MOaGRbGRcOId2013-09-17iLF1l0o p41077-10r2020-06-25w2020-06-25y1ZNo se presta c40567d40567